000 00410nam a2200169 a 4500
001 0000-9279
003 ELIB.Books
008 110520 1968
035 _a(ELIB.Books)0000-9431
082 _a220
_bDan
100 _aDaniel-Rops, Henri
245 _aWhat is the Bible
260 _bGarden City: Image Books
_c1968
650 _aBible
942 _2ddc
_cBK
998 _cbat
_e2011-05-20
999 _c9279
_d9279